English Monarchs - History Picture Quiz - Statistics

General Stats
  • This quiz has been taken 955 times
  • The average score is 8 of 12
Answer Stats
Picture Answer % Correct
Victoria
99%
Elizabeth II
89%
Henry VIII
89%
Elizabeth I
83%
Mary I
76%
George III
69%
George VI
68%
Anne
63%
William the Conqueror
51%
Richard the Lionheart
41%
Edward III
32%
John
27%
No matching quizzes found
Score Distribution
Percent of People with Each Score
Percentile by Number Answered
Your Score History
You have not taken this quiz